• 首页
  • 本馆介绍
  • 公告通知
  • 最新文献
  • 馆藏检索
  • 电子资源
  • 读者导购
  • 参考咨询
  • 我的图书馆
  • 登录
  • 详细信息显示
  • 放入我的书架
  • 预约/预借图书
  • 作者相关作品
  • 分类相关作品
  • 丛书相关作品
  • 出版社相关作品

书目信息

  • 表格格式
  • 工作单格式
  • 卡片格式
书名: International places of interest to women
作者:
分册号:
分册名:
出版地: Phoenix, AZ :
 
出版社: Ferrari Publications, Inc
出版时间: c1990.
页数: 1 v. :
开本: 18 cm.
丛书名:
中图分类号:
科图分类号:
其他分类号: C913.68
主题词:
电子资源:
000 01592cas a2200457 a 450
001 E0731447449
005 20070506084423.93
008 900914d19911991azuar1 0 a0eng d
010    @a94661974
012    @a-3-7-0103271702-p-9412
022 0  @a1077-906X.
035    @a(OCoLC)ocm22377076
040    @aOkT@cOkT@dDLC@dNSDP@dDLC@dOCoLC
042    @alc@ansdp
050 00 @aE158@b.P72
082 00 @a910/.86643@2 20
090    @aC913.68
099    @dC913.68@ex116
210 0  @aInt. places interest women
222  0 @aInternational places of interest to women
245 00 @aInternational places of interest to women.
246 13 @aPlaces of interest to women
260    @aPhoenix, AZ :@bFerrari Publications, Inc.,@cc1990.
300    @a1 v. :@bill. ;@c18 cm.
310    @aAnnual
362 0  @a1991.
500    @aTitle from cover.
590    @aSERBIB/SERLOC merged record
650  0 @aLesbians@xTravel@vGuidebooks@vPeriodicals.
650  0 @aLesbians@xTravel@vGuidebooks.
651  0 @aUnited States@vGuidebooks.
710 2  @aFerrari Publications (Firm)
780 00 @tPlaces of interest to women@x0731-0951@w(DLC) 82641676@w(OCoLC)7963190
785 00 @tFerrari’s places for women@x1077-9051@w(DLC) 94661973@w(OCoLC)27040780
850    @aDLC
890    @aInternational places of interest to women.@i94-661974
906    @a7@bcbc@cserials@du@encip@f19@gn-oclcserc
920    @aKeep 1
991    @bc-GenColl@hE158@i.P72@wSERIALS
991    @bc-GenColl@hE158@i.P72@p00033667462@tCopy 1@v15th ed * 1995@wCCF
992    @bB/L@wSERLOC
    
    International places of interest to women.-Phoenix, AZ : : Ferrari Publications, Inc., , c1990.
    1 v. : : ill. ; ; 18 cm.
    Title from cover.-SERBIB/SERLOC merged record
    
    ISBN
    
●
相关链接 在E读中查询图书 在五车中查询图书 在当当中查询图书 在豆瓣中查询图书


正题名:International places of interest to women     索取号:C913.68/x116         预约/预借

序号 登录号 条形码 馆藏地/架位号 状态 备注
1 0006607   300066078   第二样本阅览室/ [索取号:C913.68/x116] 在馆    
唐山师范学院图书馆 欢迎您!
大连网信软件有限公司© 版权所有